Alkohol a iné drogy /
Uložené v:
| Hlavný autor: | |
|---|---|
| Ďalší autori: | |
| Médium: | Kniha |
| Jazyk: | Slovak |
| Vydané: |
V Bratislave :
Open Society Fund : Nadácia Charty 77,
c1992.
|
| Vydanie: | [1. vyd.] |
| Témy: | |
| ISBN: |
(brož.) |
| Fyzický popis: |
85 s. : il. ; 29 cm. |
| Tagy: |
Pridať tag
Žiadne tagy, Buďte prvý kto otaguje tento záznam!
|
Titul je dostupný aj v ... 

MARC
| LEADER | 00000nam a22000004a 4500 | ||
|---|---|---|---|
| 001 | 000320721 | ||
| 005 | 20080521093847.0 | ||
| 008 | 080221s1992 xo a g f 000 0 slo d | ||
| 020 | |a (brož.) | ||
| 040 | |a SVKKK |b slo |c SVKKK |e AACR2 | ||
| 041 | 1 | |a slo | |
| 044 | |a xo |c SK | ||
| 072 | 7 | |a 613 |x Hygiena. Ľudské zdravie |2 konspekt | |
| 080 | |a 613.81/.83 |2 2001 | ||
| 080 | |a 615.015.6 |2 2001 | ||
| 080 | |a 613/614 |2 2001 | ||
| 080 | |a (035) |2 2001 | ||
| 100 | 1 | |a Shapiro, Susan | |
| 245 | 1 | 0 | |a Alkohol a iné drogy / |c [tvorcovia osnovy Susan Shapiro ; ilustrácie Sophie Ungváry]. |
| 250 | |a [1. vyd.] | ||
| 260 | |a V Bratislave : |b Open Society Fund : |b Nadácia Charty 77, |c c1992. | ||
| 300 | |a 85 s. : |b il. ; |c 29 cm. | ||
| 500 | |a Hrebeňová väzba | ||
| 500 | |a Údaj o aut. a il. prevzatý z tiráže | ||
| 500 | |a Obalový názov | ||
| 521 | 3 | |a Študijný sprievodca určený učiteľom | |
| 650 | 0 | 7 | |a alkoholizmus |2 SVKKKPH |
| 650 | 0 | 7 | |a drogy |2 SVKKKPH |
| 650 | 0 | 7 | |a prevencia drogových závislostí |2 SVKKKPH |
| 655 | 7 | |a príručky |2 SVKKKPH | |
| 700 | 1 | |a Ungváry, Sophie |4 ill | |
| 910 | |a svkkk | ||
| 998 | |a BK | ||
| 090 | |g SCKHL |k Sklad Hlavná 10 prízemie |a V.219015 |j 995827 |i 2720309503 |s Absenčne | ||